00396nam a2200133Ia 4500003000900000008004100009040003300050041000800083080001500091245008000106246003100186260002800217300001700245LK-CoDNM010623t1999 xxu||||| |||| 00| 1 sin d aLK-CoDNMdLK-CoDNMeLK-CoDNM asin a133.52 IRA aඉරණම පඥචාංග ග්‍ර‍හස්ඵුට ලිත aIranama Ephemeris Almanac bGunasenaaColomboc1999 b152p., 24 cm